[Event "ITA-ch C"]
[Site "Civitanova Marche"]
[Date "2012.07.21"]
[Round "7"]
[White "Nassetti, Francesco"]
[Black "Tagliaferri, Valerio"]
[Result "1-0"]
[WhiteElo "1843"]
[BlackElo "1837"]
[PlyCount "81"]
[EventDate "2012.07.15"]
[EventType "swiss"]
[EventRounds "8"]
[EventCountry "ITA"]
[SourceTitle "EXT 2023"]
[Source "ChessBase"]
[SourceDate "2022.10.05"]
[SourceVersion "1"]
[SourceVersionDate "2022.10.05"]
[SourceQuality "1"]

1. e4 c5 2. Nf3 d6 3. d4 cxd4 4. Nxd4 Nf6 5. Nc3 g6 6. h3 Bg7 7. g4 Nc6 8. Nb3 Be6 9. Bg2 a6 10. 0-0 0-0 11. Qe2 Rc8 12. Rd1 Qc7 13. f4 Bxb3 14. cxb3 e6 15. Be3 Rfd8 16. Na4 Nd7 17. Qf2 Qb8 18. Rd2 Bf8 19. h4 b5 20. Nc3 Be7 21. Rad1 Nc5 22. g5 b4 23. Ne2 Bf8 24. h5 Nb7 25. Qf3 Rd7 26. Bh3 Nbd8 27. Bg4 f5 28. gxf6 Rf7 29. f5 Rxf6 30. Bg5 Ne5 31. Qg2 Nxg4 32. Qxg4 exf5 33. exf5 Qa7+ 34. Nd4 Rf7 35. hxg6 hxg6 36. fxg6 Rfc7 37. Be3 Rc1 38. Nf5 Rxd1+ 39. Rxd1 Qc7 40. Bd4 Qc2 41. Qh5 1-0